McDonald's Klassiker - Statistiken

Allgemein
  • Dieses Quiz wurde 781 mal gespielt
  • Das Durchschnittsergebnis liegt bei 6 aus 11
Antwortstatistiken
Burger % Korrekt
Big Mac
93%
Cheeseburger
91%
Hamburger
89%
Chickenburger
64%
McChicken
63%
Hamburger Royal TS
58%
Filet-o-Fish
42%
Double Cheeseburger
26%
McFish
20%
Hamburger Royal Käse
19%
Doppel Filet-o-Fish
1%
Keine übereinstimmenden Quizze gefunden
Verteilung der Resultate
Anzahl Personen mit jedem Resultat
Perzentil nach korrekt beantworteten Fragen
Ihre Resultats-Entwicklung
Sie haben dieses Quiz noch nicht gespielt